| 000 | 00397nam a2200157Ia 4500 | ||
|---|---|---|---|
| 008 | 230718s9999 xx 000 0 und d | ||
| 041 | _aeng | ||
| 082 |
_a621.02 _bPAT |
||
| 100 | _aPatil S.A. | ||
| 245 | _aMechanical Processes And System | ||
| 260 |
_c1999 _bTech Max Publications |
||
| 300 | _a487 | ||
| 365 |
_cRs. _b195.00 |
||
| 700 | _aPatil S.A. | ||
| 906 |
_dB:131402-Mar-2004 _cINST _b39 |
||
| 999 |
_c307000 _d307000 |
||